Wszyscy bohaterowie z Overwatch 2 - Statystyki

Ogólne statystyki
  • Ten quiz został rozwiązany 468 razy
  • Średni wynik to 19 z 35
Statystyki odpowiedzi
Tank % Poprawnych
Łaska
75%
D.va
74%
Hanzo
72%
Reinhardt
71%
Genji
69%
Lucio
68%
Wieprzu
68%
Żołnierz 76
66%
Orisa
65%
Sigma
64%
Ana
63%
Żniwiarz
62%
Moira
60%
Kiriko
60%
Smuga
58%
Winston
58%
Królowa
57%
Złomiarz
57%
Cassidy
56%
Burzyciel
55%
Zaria
54%
Ashe
52%
Zenyatta
52%
Bastion
50%
Trupia Wdowa
50%
Pięść zagłady
48%
Sombra
46%
Mei
45%
Brigitte
44%
Baptiste
41%
Fara
41%
Symmetra
38%
Torbjorn
36%
Echo
35%
Sojourn
26%
Nie znaleziono quizów pasujących do podanych kryteriów
Rozkład punktacji
Procent ludzi z każdym wynikiem
Percentyl według liczby udzielonych odpowiedzi
Twoja historia wyników
Nie rozwiązałeś tego quizu